El conquistador Don Alonso de Ojeda / (Registro nro. 14431)

Detalles MARC
000 -LIDER
fixed length control field 00763nam a2200229 a 4500
001 - NÚMERO DE CONTROL
Identificador de número de control 000017907
003 - IDENTIFICACDOR DE NÚMERO DE CONTROL
control field DO-SdBNP
005 - DATE AND TIME OF LATEST TRANSACTION
control field 20230719100850.0
008 - ELEMENTOS DE LONGITUD FIJA
fixed length control field 100407s1990 dr ac 000 0 spa d
040 ## - FUENTE DE CATALOGACIÓN
Agencia que crea de manera original el registro DO-SdBNP
Idioma de catalogación spa
Agencia que realiza la transcripción BPMSU
082 ## - NÚMERO DE CLASIFICACIÓN DECIMAL DE DEWEY
Classification number 923.946
Item number O39A 1990
Edition number 22
100 1# - ASIENTO PRINCIPAL -- NOMBRE PERSONAL
Nombre personal Álvarez Perelló, Eduardo A.,
Fechas asociadas con el nombre 1915-
245 13 - MENCIÓN DE TITULO
Título El conquistador Don Alonso de Ojeda /
Mención de responsabilidad Eduardo A. Álvarez Perelló.
260 ## - PUBLICACIÓN, DISTRIBUCIÓN, ETC. (PIE DE IMPRENTA)
Lugar de publicación, distribución, etc Santo Domingo :
Nombre del editor, distribuidor, etc. Editora Taller,
Fecha de publicación, distribución, etc 1990.
300 ## - DESCRIPCIÓN FÍSICA
Extensión 153 p. :
Otros detalles físicos il., map. ;
Dimensiones 22 cm.
504 ## - NOTA DE BIBLIOGRAFÍA, ETC.
Bibliography, etc Bibliografía p: 153-155
590 ## - NOTA LOCAL
Enlace Inventariado, 2023/VM
600 14 - ENCABEZAMIENTO DE MATERIA--NOMBRE PERSONAL
Nombre personal Ojeda, Alonso de,
Fechas asociadas con el nombre ca.1466?-ca.1515.
651 #4 - ENCABEZAMIENTO DE MATERIA--NOMBRE GEOGRÁFICO
Nombre geográfico América
Subdivisión temática general Descubrimiento y exploraciones.
910 ## - VALIDACIÓN
Validación VMateo V. Control de calida. BPMSU
942 ## - ADDED ENTRY ELEMENTS (KOHA)
Source of classification or shelving scheme Dewey Decimal Classification
Koha item type Libros
Existencias
Withdrawn status Lost status Source of classification or shelving scheme Damaged status Not for loan Collection code Home library Current library Date acquired Total Checkouts Full call number Barcode Date last seen Price effective from Koha item type Copy number
    Dewey Decimal Classification     Colección Dominicana Biblioteca Pública Metropolitana Salomé Ureña Biblioteca Pública Metropolitana Salomé Ureña 07/19/2023   BPMSU CD 923.946 O39A 1990 BPMSU23070043 07/19/2023 07/19/2023 Libros  
    Dewey Decimal Classification     Colección Dominicana Biblioteca Pública Metropolitana Salomé Ureña Biblioteca Pública Metropolitana Salomé Ureña 07/19/2023   BPMSU CD 923.946 O39A 1990 BPMSU24110035 11/20/2024 07/19/2023 Libros e.2
    Dewey Decimal Classification     Colección Dominicana Biblioteca Pública Metropolitana Salomé Ureña Biblioteca Pública Metropolitana Salomé Ureña 07/19/2023   BPMSU CD 923.946 O39A 1990 BPMSU24110036 11/20/2024 07/19/2023 Libros e.3